100 facts : (Record no. 171874)
[ view plain ]
| 000 -LEADER | |
|---|---|
| fixed length control field | 02487nam a22003857i 4500 |
| 003 - CONTROL NUMBER IDENTIFIER | |
| control field | PPAK |
| 005 - DATE AND TIME OF LATEST TRANSACTION | |
| control field | 20190402190957.0 |
| 007 - PHYSICAL DESCRIPTION FIXED FIELD--GENERAL INFORMATION | |
| fixed length control field | ta |
| 008 - FIXED-LENGTH DATA ELEMENTS--GENERAL INFORMATION | |
| fixed length control field | 181114t20132002-ukao||j |||| 00| 0 eng d |
| 020 ## - INTERNATIONAL STANDARD BOOK NUMBER | |
| International Standard Book Number | 9781782091950 |
| Terms of availability | RM17.90 |
| Qualifying information | paperback |
| 040 ## - CATALOGING SOURCE | |
| Original cataloging agency | PPAK |
| Language of cataloging | eng |
| Transcribing agency | PPAK |
| Description conventions | rda |
| 082 04 - DEWEY DECIMAL CLASSIFICATION NUMBER | |
| Edition number | 23 |
| Classification number | 550 |
| 090 00 - LOCALLY ASSIGNED LC-TYPE CALL NUMBER (OCLC); LOCAL CALL NUMBER (RLIN) | |
| Classification number (OCLC) (R) ; Classification number, CALL (RLIN) (NR) | 550 |
| Feature heading | RIL |
| Feature heading | RK |
| 100 1# - MAIN ENTRY--PERSONAL NAME | |
| Personal name | Riley, Peter |
| Relator term | author |
| 245 10 - TITLE STATEMENT | |
| Title | 100 facts : |
| Remainder of title | PLANET EARTH / |
| Statement of responsibility, etc. | Peter Riley ; Consultant Clive Carpenter ; Editor Rosie Neave, Amy Johnson |
| 246 13 - VARYING FORM OF TITLE | |
| Title proper/short title | One hundred facts |
| Title proper/short title | Hundred facts |
| 250 ## - EDITION STATEMENT | |
| Edition statement | updated edition, 2013 |
| 264 #1 - PRODUCTION, PUBLICATION, DISTRIBUTION, MANUFACTURE, AND COPYRIGHT NOTICE | |
| Place of production, publication, distribution, manufacture | Essex, United Kingdom : |
| Name of producer, publisher, distributor, manufacturer | Miles Kelly Publishing Ltd., |
| Date of production, publication, distribution, manufacture, or copyright notice | 2013 |
| Date of production, publication, distribution, manufacture, or copyright notice | ©2002 |
| 300 ## - PHYSICAL DESCRIPTION | |
| Extent | 48 pages : |
| Other physical details | colour illustrations, colour photographs ; |
| Dimensions | 30 cm |
| 336 ## - CONTENT TYPE | |
| Source | rdacontent |
| Content type term | text |
| 337 ## - MEDIA TYPE | |
| Source | rdamedia |
| Media type term | unmediated |
| 338 ## - CARRIER TYPE | |
| Source | rdacarrier |
| Carrier type term | volume |
| 500 ## - GENERAL NOTE | |
| General note | Includes index. |
| 520 ## - SUMMARY, ETC. | |
| Summary, etc. | 100 Facts Planet Earth book for kids is bursting with awesome images, great activities and exactly 100 mind-blowing facts. Children will learn everything they need to know about our wonderful planet. <br/>100 Facts Planet Earth book for kids covers key topics about our world in easily-digestible, numbered facts. Every page features detailed illustrations and colourful photographs that bring the text to life for kids. <br/>Essential topics covered in 100 Facts Planet Earth: <br/>- Where Earth came from and where it is in space<br/>- The layers of Earth, precious materials and preserving the planet<br/>- Natural events, spectacular scenery and what we can learn about the evolution of Earth <br/>Examples of 'I don't believe it' fascinating facts: <br/>- Some fossils of bacteria are 3.5 billion years old.<br/>- The longest stalactite is 59 metres long. The tallest stalagmite is 32 metres tall.<br/>- By the middle of the 21th century, 30-50 percent of all living species may be extinct. <br/>Activities to make learning accessible and interactive include: <br/>- Make salt crystals using table salt, a magnifying glass and a dark-coloured bowl!<br/>- Recreate a geyser eruption using a bucket, plastic funnel and plastic tubing<br/>- Quiz question: What shape is a barchan sand dune? |
| 521 ## - TARGET AUDIENCE NOTE | |
| Target audience note | 12-17. |
| 650 10 - SUBJECT ADDED ENTRY--TOPICAL TERM | |
| Topical term or geographic name entry element | Earth sciences |
| Form subdivision | Juvenile literature |
| Topical term or geographic name entry element | Earth |
| Form subdivision | Juvenile literature |
| Topical term or geographic name entry element | Curiosities and wonders |
| Form subdivision | Juvenile literature |
| 700 1# - ADDED ENTRY--PERSONAL NAME | |
| Personal name | Carpenter, Clive, |
| Relator term | consultant |
| Personal name | Neave, Rosie, |
| Relator term | editor |
| Personal name | Johnson, Amy, |
| Relator term | editor |
| 942 ## - ADDED ENTRY ELEMENTS (KOHA) | |
| Source of classification or shelving scheme | Dewey Decimal Classification |
| Koha item type | Book |
| Withdrawn | Not for loan | Current library | Shelving location | Date acquired | Full call number | Barcode | Date last seen | Koha item type |
|---|---|---|---|---|---|---|---|---|
| Not For Loan | Perpustakaan Alor Setar | Rujukan Kanak-kanak | 10/04/2019 | RK 550 RIL | A01597564 | 10/04/2019 | Book | |
| Not For Loan | Perpustakaan Awam Sungai Petani | Rujukan Kanak-kanak | 10/04/2019 | RK 550 RIL | A01597565 | 10/04/2019 | Book | |
| Not For Loan | Perpustakaan Baling | Rujukan Kanak-kanak | 10/04/2019 | RK 550 RIL | A01597567 | 10/04/2019 | Book | |
| Not For Loan | Perpustakaan Kulim | Rujukan Kanak-kanak | 10/04/2019 | RK 550 RIL | A01597566 | 10/04/2019 | Book |